Learning disabilities and challenging behaviors : (Record no. 1430594)

MARC details
000 -LEADER
fixed length control field 00520nam a2200181Ia 4500
005 - DATE AND TIME OF LATEST TRANSACTION
control field 20250625101939.0
008 - FIXED-LENGTH DATA ELEMENTS--GENERAL INFORMATION
fixed length control field 008 250516s9999 xx 000 0 eng d
020 ## - INTERNATIONAL STANDARD BOOK NUMBER
International Standard Book Number 9781641724746
040 ## - CATALOGING SOURCE
Language of cataloging eng
Transcribing agency SDCL
041 ## - LANGUAGE CODE
Language code of text/sound track or separate title eng
Source of code eng
084 ## - COLON CLASSIFICATION NUMBER
Classification number S1:437 R0
100 ## - MAIN ENTRY--PERSONAL NAME
Personal name Keaton, Matt
245 #0 - TITLE STATEMENT
Title Learning disabilities and challenging behaviors :
Remainder of title Classroom management
260 ## - PUBLICATION, DISTRIBUTION, ETC.
Place of publication, distribution, etc. New York :
Name of publisher, distributor, etc. Larsen and Keller,
Date of publication, distribution, etc. 2020.
300 ## - PHYSICAL DESCRIPTION
Extent viii, 219p.
650 ## - SUBJECT ADDED ENTRY--TOPICAL TERM
Topical term or geographic name entry element Applied Psychology
942 ## - ADDED ENTRY ELEMENTS (KOHA)
Koha item type Textual
Source of classification or shelving scheme Colon Classification (CC)
100 ## - MAIN ENTRY--PERSONAL NAME
-- 810092
999 ## -
-- 1430594
-- 1430594
Holdings
Withdrawn status Lost status Source of classification or shelving scheme Damaged status Not for loan Home library Current library Date acquired Source of acquisition Inventory number Total checkouts Full call number Barcode Date last seen Price effective from Koha item type
    Colon Classification (CC)     South Campus Library South Campus Library 2025-05-22 The Book Seller IN-00035, 24/12/2024   S1:437 R0 SC1690793 2025-05-22 2025-05-22 Textual
Copyright @ Delhi University Library System